00920 2200313 4500001002100000005001500021035002000036007000300056008004100059040002200100100003300122245004400155300003900199020002200238041001300260082001200273084001400285090002200299250003200321264003200353336002100385337003000406338002300436650003300459850001200492999002200504546005800526990002200584INLIS00000000087700520230807015550 a0010-0323000272ta230309s2022 yoia g ind d aYOPDYOGbinderda aAbdurachman ArfanePengarang10aShort conversation /cAbdurachman Arfan aviii, 86 halaman :btabel ;c20 cm a978-623-02-4352-3 aindheng04223a428 a428 ABD s aCB-D.11 2022-2451 aCetakan pertama, Maret 202231aSleman :bDeepublish,c2022 2rdacontentateks 2rdamediaatanpa perantara 2rdacarrieravolume 4aBahasa Inggris -- Percakapan aYOPDYOG aCB-D.11/2022-2451 aTeks terdiri dari Bahasa Indonesia dan Bahasa Inggris aCB-D.11/2022-2451